000 00650nam a2200157Ia 4500
001 11093
003 GE_BSU
008 181216s||||||||xx |||||||||||||| ||und||
040 _cGE_BSU
245 _aЭнциклопедический словарь юного филолога(языкознание)
245 _bДля среднего и старшего возраста.
245 _cСост.Панов М.Б. Ред.колл.Степанов Г.В.(Гл.ред) Ашинин Ф.Д. и др.
300 _eилл.
653 _aЭнциклопедический словарь юного филолога(языкознание)
942 _cBK
999 _c44334
_d44334